00537cam a22001577a 4500008004000000020001500040082001600055100001900071245007900090260005200169300001000221650002800231700001400259999001900273952008700292180718b1990 xxu||||| |||| 00| 0 eng d a8121100283 aO91x54 B221 aBenerjee, L.K. aMangroves of Orissa coast and their ecologycby L.K. Banerjee and T.A. Rao aDehradunbBishen Singh Mahendra Pal Singhc1990 a118p. aMangrove plants - India aRao, T.A. c400350d400350 00104070aIIPAbIIPAd2002-10-08oO91x54 B221p75733r2018-07-21w2018-07-21yBK